000 01133nam a22002657a 4500
003 DO-SdBNP
005 20211103144625.0
007 ta
008 211103b2021 dr abc|| |||| 00| 0 spa d
020 _a9788842225416
040 _aDO-SdBNP
_bspa
_cBNPHU
082 4 _bL496i
_222
245 0 3 _aEl legado italiano en República Dominicana :
_bhistoria, arquitectura, economía y sociedad /
_cedición a cargo de Andrea Canepari ; traducciones a cargo de : Annamaria Farinato.
260 _aSanto Domingo :
_bUmberto Allemandi,
_c2021.
300 _a 534 p. :
_bil., mapas, retrs. ;
_c34 cm.
500 _aIncluye bibliografía al final de los capítulos
500 _aIncluye referencias bibliográficas y notas al pie de las páginas.
500 _aIncluye índice onomástico
505 _aPrefacios --
_tHistoria --
_tArquitectura --
_tLiteratura y artes --
_tEconomía y ciencia --
_t Periodismo, derecho y sociedad --
_tSecciones finales ---
590 _aInventariado, 2021 /LP
700 1 _aCanepari, Andrea,
_eedición
_980476
700 1 _aFarinato, Annamaria,
_etr.
_980477
910 _aLopérez
942 _2ddc
_cLBS1
999 _c50868
_d50868